Magyarország legnagyobb települései kép alapján - Statistics

General Stats
  • This quiz has been taken 15 times
  • The average score is 29 of 50
Answer Stats
Picture Answer % Correct
Budapest
92%
Debrecen
92%
Eger
92%
Miskolc
92%
Szeged
92%
Vác
92%
Esztergom
85%
Siófok
85%
Sopron
85%
Tata
85%
Pécs
77%
Székesfehérvár
77%
Szekszárd
77%
Szombathely
77%
Tatabánya
77%
Veszprém
77%
Békéscsaba
69%
Győr
69%
Nyíregyháza
69%
Salgótarján
69%
Szentendre
69%
Zalaegerszeg
69%
Kaposvár
62%
Kecskemét
62%
Szolnok
62%
Cegléd
54%
Hajdúszoboszló
54%
Mosonmagyaróvár
54%
Nagykanizsa
54%
Baja
46%
Dunaújváros
46%
Érd
46%
Gyöngyös
46%
Hódmezővásárhely
46%
Kiskunfélegyháza
46%
Gödöllő
38%
Gyula
38%
Ózd
38%
Pápa
38%
Szentes
38%
Ajka
31%
Dunakeszi
31%
Budaörs
23%
Dunaharaszti
23%
Hajdúböszörmény
23%
Jászberény
23%
Kiskunhalas
23%
Szigetszentmiklós
23%
Gyál
15%
Orosháza
8%
No matching quizzes found
Score Distribution
Percent of People with Each Score
Percentile by Number Answered
Your Score History
You have not taken this quiz